00172nam a22000737a 4500020001800000100001500018245001700033260004800050 a9780439877589 aMarsupials a Nic Bishop aNew Yorkb NY : Scholastic Nonfictionc2009